Let socialism come of itself : (Record no. 2844)
[ view plain ]
| 000 -LEADER | |
|---|---|
| fixed length control field | 00650nam a2200217 a 4500 |
| 001 - CONTROL NUMBER | |
| control field | 2420347 |
| 003 - CONTROL NUMBER IDENTIFIER | |
| control field | OSt |
| 005 - DATE AND TIME OF LATEST TRANSACTION | |
| control field | 20230627113701.0 |
| 008 - FIXED-LENGTH DATA ELEMENTS--GENERAL INFORMATION | |
| fixed length control field | 870121s1986 ke 000 0 eng |
| 010 ## - LIBRARY OF CONGRESS CONTROL NUMBER | |
| LC control number | 86981091 |
| 040 ## - CATALOGING SOURCE | |
| Original cataloging agency | DLC |
| Transcribing agency | DLC |
| Modifying agency | DLC |
| 043 ## - GEOGRAPHIC AREA CODE | |
| Geographic area code | f------ |
| 082 00 - DEWEY DECIMAL CLASSIFICATION NUMBER | |
| Classification number | 335.00 |
| Item number | KIM |
| 100 1# - MAIN ENTRY--PERSONAL NAME | |
| Personal name | Kimua, T. H. |
| Fuller form of name | (Tegakimwa Herman) |
| 245 10 - TITLE STATEMENT | |
| Title | Let socialism come of itself : |
| Remainder of title | a message to the black African continent / |
| Statement of responsibility, etc. | T.H. Kimua. |
| 260 ## - PUBLICATION, DISTRIBUTION, ETC. (IMPRINT) | |
| Place of publication, distribution, etc. | Nairobi, Kenya : |
| Name of publisher, distributor, etc. | Gideon S. Were Press, |
| Date of publication, distribution, etc. | 1986. |
| 300 ## - PHYSICAL DESCRIPTION | |
| Extent | ix, 66 p. ; |
| Dimensions | 21 cm. |
| 650 #0 - SUBJECT ADDED ENTRY--TOPICAL TERM | |
| Topical term or geographic name as entry element | Socialism |
| Geographic subdivision | Africa. |
| 906 ## - LOCAL DATA ELEMENT F, LDF (RLIN) | |
| a | 7 |
| b | cbc |
| c | orignew |
| d | 2 |
| e | ncip |
| f | 19 |
| g | y-gencatlg |
| 942 ## - ADDED ENTRY ELEMENTS (KOHA) | |
| Source of classification or shelving scheme | Dewey Decimal Classification |
| Koha item type | Books |
| Withdrawn status | Lost status | Source of classification or shelving scheme | Damaged status | Not for loan | Home library | Current library | Date acquired | Total Checkouts | Full call number | Barcode | Date last seen | Price effective from | Koha item type |
|---|---|---|---|---|---|---|---|---|---|---|---|---|---|
| Dewey Decimal Classification | County Hall Archives | County Hall Archives | 06/27/2023 | 335.00 KIM | 10000773 | 06/27/2023 | 06/27/2023 | Books | |||||
| Dewey Decimal Classification | County Hall Archives | County Hall Archives | 06/27/2023 | 335.00 KIM | 10000753 | 06/27/2023 | 06/27/2023 | Books |
